Κατάλογος Βιβλιοθηκών Mediterranean College

Μίλα μου για Γλώσσα / Μικρή Εισαγωγή στη Γλωσσολογία (Record no. 3148)

MARC details
000 -LEADER
fixed length control field 01609cam a22002054a 4500
005 - ΗΜΕΡΟΜΗΝΙΑ ΚΑΙ ΩΡΑ ΤΕΛΕΥΤΑΙΑΣ ΕΝΗΜΕΡΩΣΗΣ
Πεδίο ελέγχου 20250605164106.0
008 - FIXED-LENGTH DATA ELEMENTS--GENERAL INFORMATION
Πεδίο ελέγχου σταθερού μήκους 250528s ||||||||||||||||||||||||d
035 ## - SYSTEM CONTROL NUMBER
System control number 17747
020 ## - ISBN
ISBN 9789605244095
040 ## - ΠΗΓΗ ΚΑΤΑΛΟΓΟΓΡΑΦΗΣΗΣ
Φορέας πρωτότυπης καταλογογράφησης MC Athens Campus Library
Γλώσσα καταλογογράφησης Ελληνικά, Μοντέρνα (1453-)
Modifying agency MC Athens Campus Library
Κανόνες περιγραφικής καταλογογράφησης AACR2
245 1# - ΤΙΤΛΟΣ ΚΑΙ ΔΗΛΩΣΗ ΥΠΕΥΘΥΝΟΤΗΤΑΣ
Τίτλος Μίλα μου για Γλώσσα / Μικρή Εισαγωγή στη Γλωσσολογία
250 ## - EDITION STATEMENT
Edition statement
260 ## - PUBLICATION, DISTRIBUTION, ETC.
Name of publisher, distributor, etc. Πανεπιστημιακές Εκδόσεις Κρήτης,
Date of publication, distribution, etc. 2017
300 ## - PHYSICAL DESCRIPTION
Extent 272
520 ## - SUMMARY, ETC.
Summary, etc. Το παρόν βιβλίο απευθύνεται στον μέσο αναγνώστη επιχειρώντας να δείξει πώς η σύγχρονη γλωσσολογία μπορεί να προσφέρει απαντήσεις σε κοινές απορίες και προβληματισμούς γύρω από τη γλώσσα εν γένει και την Ελληνική γλώσσα ειδικότερα. Πρόλογος, Λέξεις και Γραμματική, Γλωσσολογία, Γλωσσική Ανάπτυξη, Γλωσσική Αλλαγή, Γλωσσική Ποικιλία και Γλωσσικές Ποικιλίες, Γλώσσα και Νόηση, Γλωσσικά Προβλήματα, Ελληνική Γλώσσα και Ελληνική Γραφή, Γλώσσα και Επικοινωνία, Πίνακας Πρώτων Δημοσιεύσεων, Γλωσσάριο Όρων, Βασική Βιβλιογραφία ανά Θεματική Ενότητα.
700 1# - ΠΡΟΣΘΕΤΗ ΑΝΑΓΡΑΦΗ--ΦΥΣΙΚΟ ΠΡΟΣΩΠΟ
Personal name Παναγιωτίδης Φοίβος
9 (RLIN) 3950
942 ## - ADDED ENTRY ELEMENTS (KOHA)
Koha item type Books
Holdings
Τύπος τεκμηρίου Βιβλιοθήκη Τρέχουσα τοποθεσία Barcode Αριθμός εισαγωγής Ημερομηνία απόκτησης Ταξιθετικό σύμβολο Αριθμός αντιτύπου Κατάσταση απόσυρσης Κατάσταση χαμένου Κατάσταση κατεστραμμένου Μη δανεισμός Σύνολο δανεισμών Ημερομηνία τελευταίας εμφάνισης Η τιμή ισχύει από
Books MC Athens Campus Library MC Athens Campus Library 9780000031471 7108 05/06/2025 400 PAN 1           05/06/2025 05/06/2025

MC Athens Campus Library
Πατησίων 94 & Κοδριγκτώνος 13, 104 34
Πελλήνης 8 & Πατησίων 107, 112 51
Τ: +30 210 8899600

MC Thessaloniki Campus Library
Ίωνος Δραγούμη 21, 54625 | Ίωνος Δραγούμη 15, 54625
Τ: +30 2310 287779 – Τ: +30 2314 440300